| 000 | 01233nam a22003134a 4500 | ||
|---|---|---|---|
| 001 | ebr10315711 | ||
| 003 | CaPaEBR | ||
| 006 | m u | ||
| 007 | cr cn||||||||| | ||
| 008 | 071017s2008 ctuab sb 001 0 eng | ||
| 010 | _z 2007939639 | ||
| 020 | _z9780300137644 (pbk. : alk. paper) | ||
| 040 |
_aCaPaEBR _cCaPaEBR |
||
| 035 | _a(OCoLC)567973981 | ||
| 043 |
_aaw----- _aa-is--- |
||
| 050 | 1 | 4 |
_aDS119.7 _b.W393 2008eb |
| 082 | 0 | 4 |
_a956.9405 _222 |
| 100 | 1 | _aWasserstein, Bernard. | |
| 245 | 1 | 0 |
_aIsraelis and Palestinians _h[electronic resource] : _bwhy do they fight? can they stop? / _cBernard Wasserstein. |
| 250 | _a3rd ed. | ||
| 260 |
_aNew Haven : _bYale University Press, _cc2008. |
||
| 300 |
_axii, 228 p. : _bill., maps. |
||
| 504 | _aIncludes bibliographical references (p. 195-217) and index. | ||
| 533 |
_aElectronic reproduction. _bPalo Alto, Calif. : _cebrary, _d2013. _nAvailable via World Wide Web. _nAccess may be limited to ebrary affiliated libraries. |
||
| 650 | 0 | _aArab-Israeli conflict. | |
| 655 | 7 |
_aElectronic books. _2local |
|
| 710 | 2 | _aebrary, Inc. | |
| 856 | 4 | 0 |
_uhttp://site.ebrary.com/lib/rucke/Doc?id=10315711 _zAn electronic book accessible through the World Wide Web; click to view |
| 999 |
_c57187 _d57187 |
||